Fundamentals of Heat and Mass Transfer (Record no. 266646)

000 -LEADER
fixed length control field 00282 a2200109 4500
001 - CONTROL NUMBER
control field 31573
082 ## - DEWEY DECIMAL CLASSIFICATION NUMBER
Classification number 355.622 MCK
090 ## - LOCALLY ASSIGNED LC-TYPE CALL NUMBER (OCLC); LOCAL CALL NUMBER (RLIN)
-- 21428
-- 21428
100 ## - MAIN ENTRY--PERSONAL NAME
Personal name Looney, Robert E
245 ## - TITLE STATEMENT
Title Fundamentals of Heat and Mass Transfer
Statement of responsibility, etc. McKinlay Robert
260 ## - PUBLICATION, DISTRIBUTION, ETC.
Place of publication, distribution, etc. N.y
Name of publisher, distributor, etc. John Wiley
Date of publication, distribution, etc. 1996
942 ## - ADDED ENTRY ELEMENTS (KOHA)
Institution code [OBSOLETE] NUST-CAE
Call number prefix 355.622 MCK
Holdings
Withdrawn status Lost status Damaged status Not for loan Collection code Permanent Location Current Location Date acquired Total Checkouts Full call number Barcode Date last seen Price effective from Koha item type
          College of Aeronautical Engineering (CAE) College of Aeronautical Engineering (CAE) 04/03/2017   355.622 MCK CAE58300 04/05/2017 04/05/2017 Book
© 2023 Central Library, National University of Sciences and Technology. All Rights Reserved.